Programme of the Romanian Communist Party (Record no. 6148)

MARC details
000 -BAŞLIK
Sabit Uzunlukta Kontrol Alanı 00974na a2200253 4500
001 - KONTROL NUMARASI
Denetim Alanı 19218
003 - KONTROL NUMARASI IDENTIFIER
Denetim Alanı MIRAKIL
005 - SON İŞLEM TARİHİ VE ZAMANI
Denetim Alanı 20181213155057.0
008 - SABİT-BOY VERİ ELEMANLARI - GENEL BİLGİLER
Sabit Uzunlukta Kontrol Alanı 161212b tu 000 0
035 ## - SİSTEM KONTROL NUMARASI
Sistem Kontrol Numarası 19218
040 ## - KATALOGLAMA KAYNAK
Orijinal Kataloglama Ajansı Milas
Kataloglama Dili tur
Metne Dönüştürmek Ajansı TR-AnCHP
041 ## - DİL KODU
Metin / Ses Parça Veya Ayrı Başlığın Dil Kodu eng
082 ## - DEWEY ONLU SINIFLANDIRMA NUMARASI
Sınıflandırma Numarası 324.23750498
Ürün Numarası R65p 1975
090 ## - SINIFLAMA NUMARASI
Sınıflama Numarası 324.23750498 R65p 1975
110 ## - ANA GİRİŞ - KURUMSAL ADI
Giriş Elemanı Olarak Kurumsal Ad Veya Yargı Alanı Adı Romanian Communist Party
245 ## - BAŞLIK TABLOSU
Başlık Programme of the Romanian Communist Party
Başlığın Kalan For teh building of the multilaterally developed socialist society and Romania's advance toward communism
Sorumluluk Tablosu, Vb [The Romanian Communist Party]
246 ## - UNVAN FORM VARYING
Başlık Doğru / Kısa Başlığı For teh building of the multilaterally developed socialist society and Romania's advance toward communism
260 ## - YAYIN, DAĞITIM, VB
Yayın, Dağıtım, Vb Yeri Bucharest
Yayıncı, Dağıtıcı, Vs Adı Meridiane Publishing House
Yayın, Dağıtım, Vb Tarihi 1975
300 ## - FİZİKSEL TANIM
Kapsam 220 s.
Boyutlar 20 sm.
610 ## - KONU KATMA GİRİŞ - TOPLANTI ADI
Giriş Elemanı Olarak Kurumsal Ad Veya Yargı Alanı Adı Romanya Komünist Partisi
Genel Alt Bölüm Parti programları
650 ## - KONU KATMA GİRİŞ - TOPİKAL DÖNEM
Topikal Süreli Veya Coğrafi Ad Giriş Elemanı Parti türleri
Genel Alt Bölümü Komünist partiler
Coğrafi Alt Bölümü Romanya
710 ## - KATMA GİRİŞ - KURUMSAL ADI
Giriş Elemanı Olarak Kurumsal Ad Veya Yargı Alanı Adı The Romanian Communist Party
942 ## - EKLENDİ GİRİŞ ELEMANLARI (KOHA)
Sınıflandırma Veya Raf Düzeni Kaynak
Koha Öğesi Türü Books
999 ## - SİSTEM KONTROL NUMARALARI (KOHA)
Koha Biblionumber 6148
Koha Biblioitemnumber 6148
Holdings
Kalıcı Konum Mevcut Konum Edinme Tarihi Edinim Kaynak Toplam Check-Out'Lar Tam Çağrı Numarası Barkod Tarih Son Görülme İtibaren Geçerli Fiyatlar Koha Öğesi Türü
CHP Kütüphanesi CHP Kütüphanesi 12/12/2016 Bağış   324.23750498 R65p 1975 008990 12/12/2016 12/12/2016 Books